000
00326nam a2200109Ia 4500
008
171211s9999 xx 000 0 und d
245
_a
Guns Against Tanks (new Zealand In The Second World War)
245
_c
Other
260
_c
1948
650
_x
Military
856
_u
http://down.ebook777.com/GunAgaTan(neZeaInTheSecWorWar.pdf
999
_c
348343
_d
348343